New operations on fuzzy numbers and intervals; Mechanical Engineering, Automation and Control Systems (MEACS)

Библиографические подробности
Источник:Mechanical Engineering, Automation and Control Systems (MEACS).— 2014.— [4 p.]
Главный автор: Efremov A. A. Aleksandr Aleksandrovich
Автор-организация: Национальный исследовательский Томский политехнический университет (ТПУ) Институт кибернетики (ИК) Кафедра автоматики и компьютерных систем (АИКС)
Примечания:Title screen
This paper introduces new operations on fuzzy numbers and intervals. These operations allow keeping the shape of a membership function intact and constructing complex linguistic terms corresponding to such linguistic hedges as “very” and “more or less”. The article contains mathematical equations which allow us to determine the characteristic points of operation results for particular types of membership functions without integral evaluation.
Режим доступа: по договору с организацией-держателем ресурса
Язык:английский
Опубликовано: 2014
Предметы:
Online-ссылка:http://dx.doi.org/10.1109/MEACS.2014.6986900
Формат: Электронный ресурс Статья
Запись в KOHA:https://koha.lib.tpu.ru/cgi-bin/koha/opac-detail.pl?biblionumber=639032

MARC

LEADER 00000nla2a2200000 4500
001 639032
005 20240204175949.0
035 |a (RuTPU)RU\TPU\network\3429 
035 |a RU\TPU\network\3423 
090 |a 639032 
100 |a 20150218a2014 k y0engy50 ba 
101 0 |a eng 
105 |a a z 101zy 
135 |a drcn ---uucaa 
181 0 |a i  
182 0 |a b 
200 1 |a New operations on fuzzy numbers and intervals  |f A. A. Efremov 
203 |a Text  |c electronic 
300 |a Title screen 
320 |a [References: 7 tit.] 
330 |a This paper introduces new operations on fuzzy numbers and intervals. These operations allow keeping the shape of a membership function intact and constructing complex linguistic terms corresponding to such linguistic hedges as “very” and “more or less”. The article contains mathematical equations which allow us to determine the characteristic points of operation results for particular types of membership functions without integral evaluation. 
333 |a Режим доступа: по договору с организацией-держателем ресурса 
463 0 |0 (RuTPU)RU\TPU\network\3200  |t Mechanical Engineering, Automation and Control Systems (MEACS)  |o proceedings of the International Conference, Tomsk, 16-18 October, 2014  |f National Research Tomsk Polytechnic University (TPU) ; Institute of Electrical and Electronics Engineers (IEEE)  |v [4 p.]  |d 2014 
610 1 |a электронный ресурс 
610 1 |a труды учёных ТПУ 
610 1 |a fuzzy set 
610 1 |a fuzzy number 
610 1 |a linguistic hedges 
610 1 |a polynomial membership function 
610 1 |a piecewise continuous functions 
610 1 |a нечеткие числа 
610 1 |a интервалы 
610 1 |a хеджирование 
610 1 |a кусочно-непрерывные функции 
700 1 |a Efremov  |b A. A.  |c specialist in the field of informatics and computer technology  |c Senior Lecturer of Tomsk Polytechnic University  |f 1980-  |g Aleksandr Aleksandrovich  |3 (RuTPU)RU\TPU\pers\33689  |9 17320 
712 0 2 |a Национальный исследовательский Томский политехнический университет (ТПУ)  |b Институт кибернетики (ИК)  |b Кафедра автоматики и компьютерных систем (АИКС)  |3 (RuTPU)RU\TPU\col\18698 
801 2 |a RU  |b 63413507  |c 20161226  |g RCR 
856 4 |u http://dx.doi.org/10.1109/MEACS.2014.6986900 
942 |c CF